<?xml version="1.0" encoding="UTF-8"?>
<record
    xmlns:xsi="http://www.w3.org/2001/XMLSchema-instance"
    xsi:schemaLocation="http://www.loc.gov/MARC21/slim http://www.loc.gov/standards/marcxml/schema/MARC21slim.xsd"
    xmlns="http://www.loc.gov/MARC21/slim">

  <leader>00667nam a2200217Ia 4500</leader>
  <controlfield tag="003">GCL</controlfield>
  <controlfield tag="005">20240530110219.0</controlfield>
  <controlfield tag="008">140319s9999    xx            000 0 ara d</controlfield>
  <datafield tag="040" ind1=" " ind2=" ">
    <subfield code="a">GCL / </subfield>
    <subfield code="c">GCL</subfield>
  </datafield>
  <datafield tag="082" ind1="0" ind2="4">
    <subfield code="a">953</subfield>
    <subfield code="b">&#x627; &#x643;</subfield>
  </datafield>
  <datafield tag="100" ind1=" " ind2=" ">
    <subfield code="a">&#x627;&#x628;&#x646; &#x627;&#x644;&#x627;&#x62B;&#x64A;&#x631;</subfield>
  </datafield>
  <datafield tag="245" ind1="1" ind2="0">
    <subfield code="a">&#x627;&#x644;&#x643;&#x627;&#x645;&#x644; &#x641;&#x649; &#x627;&#x644;&#x62A;&#x627;&#x631;&#x64A;&#x62E; /</subfield>
    <subfield code="c">&#x627;&#x628;&#x646; &#x627;&#x644;&#x627;&#x62B;&#x64A;&#x631;</subfield>
  </datafield>
  <datafield tag="260" ind1=" " ind2=" ">
    <subfield code="a">&#x628;&#x64A;&#x631;&#x648;&#x62A;: </subfield>
    <subfield code="b">&#x62F;&#x627;&#x631; &#x635;&#x627;&#x62F;&#x631; &#x60C; </subfield>
    <subfield code="c">1995</subfield>
  </datafield>
  <datafield tag="300" ind1=" " ind2=" ">
    <subfield code="a">13 &#x645;&#x62C; &#x61B;</subfield>
    <subfield code="c">24 &#x633;&#x645;</subfield>
  </datafield>
  <datafield tag="650" ind1="0" ind2="4">
    <subfield code="a">&#x627;&#x644;&#x62A;&#x627;&#x631;&#x64A;&#x62E; &#x627;&#x644;&#x627;&#x633;&#x644;&#x627;&#x645;&#x649;</subfield>
  </datafield>
  <datafield tag="650" ind1="0" ind2="4">
    <subfield code="a">&#x627;&#x644;&#x62D;&#x636;&#x627;&#x631;&#x629; &#x627;&#x644;&#x627;&#x633;&#x644;&#x627;&#x645;&#x64A;&#x629;</subfield>
  </datafield>
  <datafield tag="650" ind1="0" ind2="4">
    <subfield code="a">&#x627;&#x644;&#x645;&#x639;&#x627;&#x631;&#x643;</subfield>
  </datafield>
  <datafield tag="650" ind1="0" ind2="4">
    <subfield code="a">&#x627;&#x644;&#x63A;&#x632;&#x648;&#x627;&#x62A; &#x627;&#x644;&#x627;&#x633;&#x644;&#x627;&#x645;&#x64A;&#x629;</subfield>
  </datafield>
  <datafield tag="650" ind1="0" ind2="4">
    <subfield code="a">&#x627;&#x644;&#x639;&#x627;&#x644;&#x645; &#x627;&#x644;&#x639;&#x631;&#x628;&#x649; - &#x62A;&#x627;&#x631;&#x64A;&#x62E;</subfield>
  </datafield>
  <datafield tag="942" ind1=" " ind2=" ">
    <subfield code="2">ddc</subfield>
    <subfield code="c">REF</subfield>
  </datafield>
  <datafield tag="999" ind1=" " ind2=" ">
    <subfield code="c">59380</subfield>
    <subfield code="d">59380</subfield>
  </datafield>
  <datafield tag="952" ind1=" " ind2=" ">
    <subfield code="0">0</subfield>
    <subfield code="1">0</subfield>
    <subfield code="4">0</subfield>
    <subfield code="7">0</subfield>
    <subfield code="a">CAI</subfield>
    <subfield code="b">CAI</subfield>
    <subfield code="d">2014-03-26</subfield>
    <subfield code="l">0</subfield>
    <subfield code="o">953 &#x627; &#x643;</subfield>
    <subfield code="p">154831</subfield>
    <subfield code="r">2014-03-26 00:00:00</subfield>
    <subfield code="w">2024-05-30</subfield>
    <subfield code="y">REF</subfield>
  </datafield>
  <datafield tag="952" ind1=" " ind2=" ">
    <subfield code="0">0</subfield>
    <subfield code="1">0</subfield>
    <subfield code="4">0</subfield>
    <subfield code="7">0</subfield>
    <subfield code="a">CAI</subfield>
    <subfield code="b">CAI</subfield>
    <subfield code="d">2014-03-26</subfield>
    <subfield code="l">0</subfield>
    <subfield code="o">953 &#x627; &#x643;</subfield>
    <subfield code="p">154832</subfield>
    <subfield code="r">2014-03-26 00:00:00</subfield>
    <subfield code="w">2024-05-30</subfield>
    <subfield code="y">REF</subfield>
  </datafield>
  <datafield tag="952" ind1=" " ind2=" ">
    <subfield code="0">0</subfield>
    <subfield code="1">0</subfield>
    <subfield code="4">0</subfield>
    <subfield code="7">0</subfield>
    <subfield code="a">CAI</subfield>
    <subfield code="b">CAI</subfield>
    <subfield code="d">2014-08-13</subfield>
    <subfield code="l">0</subfield>
    <subfield code="o">953 &#x627; &#x643;</subfield>
    <subfield code="p">158663</subfield>
    <subfield code="r">2014-08-13 00:00:00</subfield>
    <subfield code="w">2014-08-13</subfield>
    <subfield code="y">REF</subfield>
  </datafield>
  <datafield tag="952" ind1=" " ind2=" ">
    <subfield code="0">0</subfield>
    <subfield code="1">0</subfield>
    <subfield code="4">0</subfield>
    <subfield code="7">0</subfield>
    <subfield code="a">CAI</subfield>
    <subfield code="b">CAI</subfield>
    <subfield code="d">2014-08-13</subfield>
    <subfield code="l">0</subfield>
    <subfield code="o">953 &#x627; &#x643;</subfield>
    <subfield code="p">158664</subfield>
    <subfield code="r">2014-08-13 00:00:00</subfield>
    <subfield code="w">2014-08-13</subfield>
    <subfield code="y">REF</subfield>
  </datafield>
  <datafield tag="952" ind1=" " ind2=" ">
    <subfield code="0">0</subfield>
    <subfield code="1">0</subfield>
    <subfield code="4">0</subfield>
    <subfield code="7">0</subfield>
    <subfield code="a">CAI</subfield>
    <subfield code="b">CAI</subfield>
    <subfield code="d">2014-08-13</subfield>
    <subfield code="l">0</subfield>
    <subfield code="o">953 &#x627; &#x643;</subfield>
    <subfield code="p">158665</subfield>
    <subfield code="r">2014-08-13 00:00:00</subfield>
    <subfield code="w">2014-08-13</subfield>
    <subfield code="y">REF</subfield>
  </datafield>
  <datafield tag="952" ind1=" " ind2=" ">
    <subfield code="0">0</subfield>
    <subfield code="1">0</subfield>
    <subfield code="4">0</subfield>
    <subfield code="7">0</subfield>
    <subfield code="a">CAI</subfield>
    <subfield code="b">CAI</subfield>
    <subfield code="d">2014-08-13</subfield>
    <subfield code="l">0</subfield>
    <subfield code="o">953 &#x627; &#x643;</subfield>
    <subfield code="p">158666</subfield>
    <subfield code="r">2014-08-13 00:00:00</subfield>
    <subfield code="w">2014-08-13</subfield>
    <subfield code="y">REF</subfield>
  </datafield>
  <datafield tag="952" ind1=" " ind2=" ">
    <subfield code="0">0</subfield>
    <subfield code="1">0</subfield>
    <subfield code="4">0</subfield>
    <subfield code="7">0</subfield>
    <subfield code="a">CAI</subfield>
    <subfield code="b">CAI</subfield>
    <subfield code="d">2014-08-13</subfield>
    <subfield code="l">0</subfield>
    <subfield code="o">953 &#x627; &#x643;</subfield>
    <subfield code="p">158667</subfield>
    <subfield code="r">2014-08-13 00:00:00</subfield>
    <subfield code="w">2014-08-13</subfield>
    <subfield code="y">REF</subfield>
  </datafield>
  <datafield tag="952" ind1=" " ind2=" ">
    <subfield code="0">0</subfield>
    <subfield code="1">0</subfield>
    <subfield code="4">0</subfield>
    <subfield code="7">0</subfield>
    <subfield code="a">CAI</subfield>
    <subfield code="b">CAI</subfield>
    <subfield code="d">2014-08-13</subfield>
    <subfield code="l">0</subfield>
    <subfield code="o">953 &#x627; &#x643;</subfield>
    <subfield code="p">158668</subfield>
    <subfield code="r">2014-08-13 00:00:00</subfield>
    <subfield code="w">2014-08-13</subfield>
    <subfield code="y">REF</subfield>
  </datafield>
  <datafield tag="952" ind1=" " ind2=" ">
    <subfield code="0">0</subfield>
    <subfield code="1">0</subfield>
    <subfield code="4">0</subfield>
    <subfield code="7">0</subfield>
    <subfield code="a">CAI</subfield>
    <subfield code="b">CAI</subfield>
    <subfield code="d">2014-08-13</subfield>
    <subfield code="l">0</subfield>
    <subfield code="o">953 &#x627; &#x643;</subfield>
    <subfield code="p">158669</subfield>
    <subfield code="r">2014-08-13 00:00:00</subfield>
    <subfield code="w">2014-08-13</subfield>
    <subfield code="y">REF</subfield>
  </datafield>
  <datafield tag="952" ind1=" " ind2=" ">
    <subfield code="0">0</subfield>
    <subfield code="1">0</subfield>
    <subfield code="4">0</subfield>
    <subfield code="7">0</subfield>
    <subfield code="a">CAI</subfield>
    <subfield code="b">CAI</subfield>
    <subfield code="d">2014-08-13</subfield>
    <subfield code="l">0</subfield>
    <subfield code="o">953 &#x627; &#x643;</subfield>
    <subfield code="p">158670</subfield>
    <subfield code="r">2014-08-13 00:00:00</subfield>
    <subfield code="w">2014-08-13</subfield>
    <subfield code="y">REF</subfield>
  </datafield>
  <datafield tag="952" ind1=" " ind2=" ">
    <subfield code="0">0</subfield>
    <subfield code="1">0</subfield>
    <subfield code="4">0</subfield>
    <subfield code="7">0</subfield>
    <subfield code="a">CAI</subfield>
    <subfield code="b">CAI</subfield>
    <subfield code="d">2014-08-13</subfield>
    <subfield code="l">0</subfield>
    <subfield code="o">953 &#x627; &#x643;</subfield>
    <subfield code="p">158671</subfield>
    <subfield code="r">2014-08-13 00:00:00</subfield>
    <subfield code="w">2014-08-13</subfield>
    <subfield code="y">REF</subfield>
  </datafield>
  <datafield tag="952" ind1=" " ind2=" ">
    <subfield code="0">0</subfield>
    <subfield code="1">0</subfield>
    <subfield code="4">0</subfield>
    <subfield code="7">0</subfield>
    <subfield code="a">CAI</subfield>
    <subfield code="b">CAI</subfield>
    <subfield code="d">2014-08-13</subfield>
    <subfield code="l">0</subfield>
    <subfield code="o">953 &#x627; &#x643;</subfield>
    <subfield code="p">158672</subfield>
    <subfield code="r">2014-08-13 00:00:00</subfield>
    <subfield code="w">2014-08-13</subfield>
    <subfield code="y">REF</subfield>
  </datafield>
  <datafield tag="952" ind1=" " ind2=" ">
    <subfield code="0">0</subfield>
    <subfield code="1">0</subfield>
    <subfield code="4">0</subfield>
    <subfield code="7">0</subfield>
    <subfield code="a">CAI</subfield>
    <subfield code="b">CAI</subfield>
    <subfield code="d">2014-08-13</subfield>
    <subfield code="l">0</subfield>
    <subfield code="o">953 &#x627; &#x643;</subfield>
    <subfield code="p">158673</subfield>
    <subfield code="r">2014-08-13 00:00:00</subfield>
    <subfield code="w">2014-08-13</subfield>
    <subfield code="y">REF</subfield>
  </datafield>
  <datafield tag="952" ind1=" " ind2=" ">
    <subfield code="0">0</subfield>
    <subfield code="1">0</subfield>
    <subfield code="4">0</subfield>
    <subfield code="7">0</subfield>
    <subfield code="a">CAI</subfield>
    <subfield code="b">CAI</subfield>
    <subfield code="d">2014-08-13</subfield>
    <subfield code="l">0</subfield>
    <subfield code="o">953 &#x627; &#x643;</subfield>
    <subfield code="p">158674</subfield>
    <subfield code="r">2014-08-13 00:00:00</subfield>
    <subfield code="w">2014-08-13</subfield>
    <subfield code="y">REF</subfield>
  </datafield>
  <datafield tag="952" ind1=" " ind2=" ">
    <subfield code="0">0</subfield>
    <subfield code="1">0</subfield>
    <subfield code="4">0</subfield>
    <subfield code="7">0</subfield>
    <subfield code="a">CAI</subfield>
    <subfield code="b">CAI</subfield>
    <subfield code="d">2014-08-13</subfield>
    <subfield code="l">0</subfield>
    <subfield code="o">953 &#x627; &#x643;</subfield>
    <subfield code="p">158675</subfield>
    <subfield code="r">2014-08-13 00:00:00</subfield>
    <subfield code="w">2014-08-13</subfield>
    <subfield code="y">REF</subfield>
  </datafield>
  <datafield tag="952" ind1=" " ind2=" ">
    <subfield code="0">0</subfield>
    <subfield code="1">0</subfield>
    <subfield code="4">0</subfield>
    <subfield code="7">0</subfield>
    <subfield code="a">CAI</subfield>
    <subfield code="b">CAI</subfield>
    <subfield code="d">2014-08-13</subfield>
    <subfield code="l">0</subfield>
    <subfield code="o">953 &#x627; &#x643;</subfield>
    <subfield code="p">158676</subfield>
    <subfield code="r">2014-08-13 00:00:00</subfield>
    <subfield code="w">2014-08-13</subfield>
    <subfield code="y">REF</subfield>
  </datafield>
</record>
